| 000 | 00000nas 2200000za 4500 |
| 001 | 9.821399 |
| 003 | CaOODSP |
| 005 | 20221107143440 |
| 007 | cr ||||||||||| |
| 008 | 160720d20162016oncar p o f0 a0fre|d |
| 022 | # |a2371-3828 |
| 040 | |aCaOODSP|bfre |
| 043 | |an-cn--- |
| 086 | 1 |aCi1-25F-PDF |
| 110 | 1 |aCanada. |bImmigration, réfugiés et citoyenneté Canada. |
| 222 | 0|aRapport ministériel sur le rendement pour la période se terminant le ... |b(Canada. Immigration, réfugiés et citoyenneté Canada) |
| 245 | 10|aRapport ministériel sur le rendement pour la période se terminant le ... |h[ressource électronique] / |cImmigration, Réfugiés et Citoyenneté Canada. |
| 260 | |a[Ottawa] : |bImmigration, Réfugiés et Citoyenneté Canada, |c[2016] |
| 310 | |aAnnuel |
| 362 | 0 |a2015/2016. |
| 500 | |aPubli. aussi en anglais sous le titre : Departmental performance report for the period ending ... |
| 775 | 08|tDepartmental performance report for the period ending ...|w(CaOODSP)9.821392 |
| 780 | 00|tRapport ministériel sur le rendement pour la période se terminant le 31 mars ... |w(CaOODSP)9.502915 |
| 785 | 00|tRapport sur les résultats ministériels |w(CaOODSP)9.840015 |